|
|
|
|
| LEADER |
01032Cam#a22003135a#4500 |
| 001 |
026525 |
| 003 |
AR-BeUNQ |
| 005 |
20240710114419.0 |
| 008 |
140619s1967||||ag # ##b #000|e#spa#d |
| 999 |
|
|
|c 24402
|d 99789
|
| 040 |
|
|
|a AR-BeUNQ
|b spa
|e aacr
|
| 044 |
|
|
|a ag
|
| 082 |
0 |
4 |
|a V 861
|2 21
|
| 100 |
1 |
|
|a Ghiano, Juan Carlos.
|
| 245 |
0 |
3 |
|a Análisis de Las silvas americanas de Bello /
|c Juan Carlos Ghiano.
|
| 260 |
|
|
|a Buenos Aires :
|b Centro Editor de América Latina,
|c 1967.
|
| 300 |
|
|
|a 64 p. ;
|c 20 cm.
|
| 490 |
1 |
|
|a Enciclopedia literaria
|
| 504 |
|
|
|a Bibliografía: p. 61-64.
|
| 600 |
1 |
0 |
|a Bello, Andrés,
|d 1781-1865.
|
| 650 |
|
7 |
|a Literatura (Arte)
|2 spines
|
| 650 |
|
7 |
|a Poesía
|2 ttll
|
| 650 |
|
7 |
|a Literatura latinoamericana
|2 ttll
|
| 651 |
|
7 |
|a Venezuela
|2 spines
|
| 653 |
|
|
|a Análisis literario
|
| 655 |
|
7 |
|2 ttll
|a Crítica literaria
|
| 830 |
|
0 |
|a Enciclopedia literaria.
|p España e Hispanoamérica.
|v 10
|
| 929 |
|
|
|a DONACION
|b Biblioteca Nacional
|d 350,00E
|e 20130115
|f PAT0047653
|g 2270
|j 51696
|
| 942 |
|
|
|c LIB
|n 0
|